000 00418nam a2200169Ia 4500
001 19687
003 IN-NITTTR
005 20251114233226.0
008 251113s9999||||xx |||||||||||||| ||eng||
040 _beng
040 _cIN-NITTTR
041 _aeng
082 _a004.16 T55S
100 _aTokheim, Roger L.
245 0 _aTheory and problems of microprocessor fundamentals /
_cTokheim, Roger L.
942 _2ddc
_cBK
999 _c22321
_d22321